|
|
|
|
| LEADER |
00000nas a2200000 a 4500 |
| 001 |
ssj0004924 |
| 003 |
WaSeSS |
| 005 |
20200512172242.0 |
| 006 |
m d |
| 007 |
cr n |
| 008 |
960531c19969999enkzr p s 0 a0eng c |
| 010 |
|
|
|a 96664126
|z sn 96032091
|
| 015 |
|
|
|a GB9637926
|2 bnb
|
| 016 |
7 |
|
|a 01809872X
|2 DE-101
|
| 016 |
7 |
|
|a 1305615-3
|2 DE-600
|
| 016 |
7 |
|
|a 007244850
|2 Uk
|
| 022 |
|
|
|l 1356-2517
|y 1356-2517
|
| 030 |
|
|
|a THEDFM
|
| 035 |
|
|
|a (WaSeSS)ssj0004924
|
| 037 |
|
|
|b Carfax Pub. Co., 875-81 Massachusetts Ave., Cambridge, MA 02139
|
| 040 |
|
|
|a HLS
|b eng
|c HLS
|d HUL
|d CAS
|d DLC
|d OCL
|d SYS
|d NSD
|d OCLCQ
|d TXA
|d NLGGC
|d UQ1
|d U9S
|d OCLCQ
|d GBVCP
|d UKMGB
|d OCLCQ
|d INU
|d OCLCF
|d CQ$
|d OCLCO
|d OCLCQ
|d WaSeSS
|
| 042 |
|
|
|a pcc
|a nsdp
|
| 050 |
0 |
0 |
|a LB2331
|b .T396
|
| 082 |
0 |
0 |
|a 378.12/05
|2 20
|
| 082 |
0 |
4 |
|a 378.125
|2 20
|
| 210 |
0 |
|
|a Teach. high. educ.
|
| 222 |
|
0 |
|a Teaching in higher education
|
| 245 |
0 |
0 |
|a Teaching in higher education
|h [electronic resource].
|
| 260 |
|
|
|a Abingdon, Oxfordshire, UK ;
|a Cambridge, MA, USA :
|b Carfax Pub. Co.,
|c ©1996-
|
| 310 |
|
|
|a Eight times a year,
|b 2007-
|
| 321 |
|
|
|a Six times a year,
|b <1999>-2006
|
| 321 |
|
|
|a Three times a year
|
| 362 |
0 |
|
|a Vol. 1, no. 1 (Mar. 1996)-
|
| 500 |
|
|
|a Title from cover.
|
| 506 |
|
|
|a License restrictions may limit access.
|
| 650 |
|
0 |
|a College teaching
|v Periodicals.
|
| 650 |
|
0 |
|a Education, Higher
|x Evaluation
|v Periodicals.
|
| 650 |
|
0 |
|a Education, Higher
|x Aims and objectives
|v Periodicals.
|
| 650 |
|
6 |
|a Enseignement universitaire
|v Périodiques.
|
| 650 |
|
6 |
|a Enseignement supérieur
|x Évaluation
|v Périodiques.
|
| 650 |
|
6 |
|a Enseignement supérieur
|x Finalités
|v Périodiques.
|
| 650 |
|
7 |
|a College teaching.
|2 fast
|0 (OCoLC)fst00868201
|
| 650 |
|
7 |
|a Education, Higher
|x Aims and objectives.
|2 fast
|0 (OCoLC)fst00903015
|
| 650 |
|
7 |
|a Education, Higher
|x Evaluation.
|2 fast
|0 (OCoLC)fst00903055
|
| 650 |
1 |
7 |
|a Hoger onderwijs.
|2 gtt
|
| 650 |
1 |
7 |
|a Lesgeven.
|2 gtt
|
| 650 |
|
7 |
|a Apprentissage.
|2 rasuqam
|
| 650 |
1 |
7 |
|a Enseignement supérieur.
|2 rasuqam
|
| 650 |
|
7 |
|a Finalité de l'éducation.
|2 rasuqam
|
| 650 |
|
7 |
|a Programme d'études.
|2 rasuqam
|
| 653 |
|
0 |
|a College teaching
|
| 655 |
|
0 |
|a Electronic journals.
|
| 850 |
|
|
|a DLC
|a MH
|
| 853 |
0 |
0 |
|8 1
|a v.
|b no.
|i (year)
|j (month)
|
| 856 |
4 |
0 |
|z Full text available from Research Library: 01/01/1998 to 10/31/2000
|u https://search.proquest.com/publication/33819
|
| 863 |
4 |
0 |
|8 1
|a <1>-
|i <1996>-
|x provisional
|